| 000 | 00430nam a22001217a 4500 | ||
|---|---|---|---|
| 999 |
_c9829 _d9829 |
||
| 003 | OSt | ||
| 008 | 201203b ||||| |||| 00| 0 eng d | ||
| 245 | _aInventi Impact Business Research And Reviews | ||
| 250 | _a2015(Jan-Mar Vol.2015 No.1, Apr-Jun Vol.2015 No.2, Jul-Sep Vol.2015 No.3, Oct-Dec Vol.2015 No.4) 2016(Jan-Mar Vol.2016 No.1) | ||
| 260 |
_bInventi Journal [P] Ltd. _aBhopal, M.P. |
||
| 650 | _aManagement | ||
| 942 |
_2ddc _cBV |
||